<?xml version="1.0" encoding="UTF-8"?>
<record
    xmlns:xsi="http://www.w3.org/2001/XMLSchema-instance"
    xsi:schemaLocation="http://www.loc.gov/MARC21/slim http://www.loc.gov/standards/marcxml/schema/MARC21slim.xsd"
    xmlns="http://www.loc.gov/MARC21/slim">

  <leader>01063    a2200157   4500</leader>
  <controlfield tag="003">NUST</controlfield>
  <controlfield tag="005">20221227125948.0</controlfield>
  <datafield tag="040" ind1=" " ind2=" ">
    <subfield code="c">Nust</subfield>
  </datafield>
  <datafield tag="082" ind1=" " ind2=" ">
    <subfield code="a">355.02,TYS</subfield>
  </datafield>
  <datafield tag="100" ind1=" " ind2=" ">
    <subfield code="a">Tyson, G.W.</subfield>
    <subfield code="9">106050</subfield>
  </datafield>
  <datafield tag="245" ind1=" " ind2=" ">
    <subfield code="a">India Arms for Victory /</subfield>
    <subfield code="c">G.W. Tyson</subfield>
  </datafield>
  <datafield tag="260" ind1=" " ind2=" ">
    <subfield code="a">Allahabad</subfield>
    <subfield code="b">J.K.Shrma</subfield>
    <subfield code="c">1944</subfield>
  </datafield>
  <datafield tag="300" ind1=" " ind2=" ">
    <subfield code="a">325 p .:</subfield>
  </datafield>
  <datafield tag="505" ind1=" " ind2=" ">
    <subfield code="a">Introductory (Page-1), In the Beginning (Page-20), Roger Mission &#x2013; Eastern Group &#x2013; Lease and Lend (Page-38), A Commonwealth Project (Page-62), Steel Town &#x2013;I (Page-75), Steel Town &#x2013; ii (Page-91), Kumardhubi to Constantinople (Page-106), The Iron Road (Page-119), Jute and an Even Greater War (Page- 136), The Little Man (Page-150), The India aluminum Industry in Peace and War (Page-167), Rubber and Oil (Page-181), Manchester of the East-i (Page-197), Manchester of the East-ii (Page-211), Manpower (Page-226), Cotton Spinners all (Page-240), Un Embarrass de Richesses (Page-258), Mechanist ion, men of War and Mica (Page-277), Scientific Miscellany (Page-307), Personal Postscript (Page-317). </subfield>
  </datafield>
  <datafield tag="942" ind1=" " ind2=" ">
    <subfield code="2">ddc</subfield>
    <subfield code="c">BK</subfield>
    <subfield code="k">355.02,TYS</subfield>
  </datafield>
  <datafield tag="999" ind1=" " ind2=" ">
    <subfield code="c">193950</subfield>
    <subfield code="d">193950</subfield>
  </datafield>
  <datafield tag="952" ind1=" " ind2=" ">
    <subfield code="0">0</subfield>
    <subfield code="1">0</subfield>
    <subfield code="2">ddc</subfield>
    <subfield code="4">0</subfield>
    <subfield code="7">0</subfield>
    <subfield code="a">MCS</subfield>
    <subfield code="b">MCS</subfield>
    <subfield code="c">GEN</subfield>
    <subfield code="d">2016-12-12</subfield>
    <subfield code="o">355.02,TYS</subfield>
    <subfield code="p">MCS29295</subfield>
    <subfield code="r">2016-12-08</subfield>
    <subfield code="w">2016-12-12</subfield>
    <subfield code="y">BK</subfield>
    <subfield code="z">Almirah No.52, Shelf No.4</subfield>
  </datafield>
</record>
